Wszystkie miasta Afganistanu na mapie - Statystyki

Ogólne statystyki
  • Ten quiz został rozwiązany 47 razy
  • Średni wynik to 2 z 51
Odpowiedzi na mapie
Odpowiedzi zakodowano w zielono-czerwonej skali na mapie do tego quizu, zgodnie z poniższymi procentami.
 
Statystyki odpowiedzi
Miasto Ludność % Poprawnych
Kabul 4 601 789
100%
Ghazni 190 424
33%
Balch 69 000
17%
Bamian 96 610
17%
Dżalalabad 280 685
17%
Gardez 97 523
17%
Herat 808 110
17%
Kandahar 651 484
17%
Ajbak 120 833
0%
Akcza 29 380
0%
Andchoj 39 730
0%
Asadabad 39 150
0%
Baghlan 76 409
0%
Bazarak 21 629
0%
Chanabad 48 600
0%
Cholm 28 078
0%
Chost 158 921
0%
Czaghczaran 134 906
0%
Czah Ab 25 300
0%
Czarikar 206 180
0%
Daulatabad 11 500
0%
Emam Saheb 37 300
0%
Fajzabad 78 757
0%
Fajzabad 47 854
0%
Farah 47 691
0%
Ghorjan 36 800
0%
Kala-je Nau 64 125
0%
Kala-je Zal 20 000
0%
Kalat 45 798
0%
Kunduz 374 746
0%
Kuszk 5 410
0%
Laszkargah 198 463
0%
Mahmud-e Eraki 73 998
0%
Majdanszahr 46 611
0%
Majmana 98 284
0%
Mazar-i Szarif 500 207
0%
Mehtarlam 149 330
0%
Nili 43 580
0%
Paghman 141 093
0%
Parun 15 546
0%
Pol-e Alam 121 935
0%
Pol-e Chomri 247 923
0%
Rostak 6 629
0%
Sangczarak 13 500
0%
Sar-e Pol 180 318
0%
Szaran 65 939
0%
Szeberghan 196 712
0%
Szolgara 11 100
0%
Talokan 263 800
0%
Tirin Kot 118 443
0%
Zarandż 160 902
0%
Nie znaleziono quizów pasujących do podanych kryteriów
Rozkład punktacji
Procent ludzi z każdym wynikiem
Percentyl według liczby udzielonych odpowiedzi
Twoja historia wyników
Nie rozwiązałeś tego quizu